000
00361nam a2200133Ia 4500
008
151001s9999||||xx |||||||||||||| ||und||
100
_a
भगवानदेव चैतन्य
245
_a
परिवेश
250
_a
1
260
_b
"नीरज बुक सेंटर,दिल्ली"
260
_c
2010
300
_a
103
365
_b
21
999
_c
999466
_d
999463